[Event "2BLO 2122 SC Erlangen - SC Bavaria Rege"]
[Site "?"]
[Date "2022.05.14"]
[Round "5.1"]
[White "Kaczur, Florian"]
[Black "Miller, Eduard"]
[Result "1-0"]
[WhiteElo "2477"]
[BlackElo "2344"]
[PlyCount "95"]
[EventDate "2022.??.??"]

1. e4 c5 2. Nf3 Nc6 3. Bb5 Nd4 4. Nxd4 cxd4 5. c3 a6 6. Ba4 b5 7. Bb3 e6 8.
cxd4 Bb7 9. d3 d5 10. O-O Bb4 11. Nc3 Ne7 12. e5 Rc8 13. Ne2 O-O 14. Bd2 Bxd2
15. Qxd2 a5 16. Rfc1 Qb6 17. a3 Nc6 18. Qe3 Ba6 19. Rc5 Rc7 20. Rac1 Rfc8 21.
Kh1 b4 22. a4 Nb8 23. h4 Nd7 24. Rxc7 Rxc7 25. Rxc7 Qxc7 26. g3 Nb6 27. Bd1 Qc6
28. b3 Nd7 29. Kg2 f6 30. exf6 gxf6 31. Nf4 Kf7 32. Bh5+ Ke7 33. Bf3 Nb6 34. g4
Bc8 35. g5 fxg5 36. hxg5 Qd6 37. Nh5 Bd7 38. Nf6 Bxa4 39. bxa4 b3 40. Qc1 Kd8
41. Bd1 Qb4 42. Bxb3 Qxb3 43. Qc6 Qb4 44. Qe8+ Kc7 45. Qf7+ Kb8 46. Qg8+ Nc8
47. Nd7+ Kc7 48. Nc5 1-0

[Event "2BLO 2122 SC Erlangen - SC Bavaria Rege"]
[Site "?"]
[Date "2022.05.14"]
[Round "5.3"]
[White "Kilgus, Georg"]
[Black "Mijovic, Stefan"]
[Result "1/2-1/2"]
[WhiteElo "2385"]
[BlackElo "2397"]
[PlyCount "77"]
[EventDate "2022.??.??"]

1. e4 c5 2. Nf3 e6 3. g3 d5 4. exd5 exd5 5. d4 Nf6 6. Bg2 Nc6 7. O-O Be7 8. Nc3
O-O 9. dxc5 Bxc5 10. a3 a6 11. b4 Be7 12. h3 Bf5 13. Be3 Rc8 14. Na4 b5 15. Nc5
a5 16. Nh4 Be4 17. c3 axb4 18. axb4 Bxg2 19. Kxg2 Ne4 20. Nxe4 dxe4 21. Nf5 Qc7
22. Nxe7+ Nxe7 23. Ra7 Qe5 24. Bc5 Nc6 25. Bxf8 Nxa7 26. Bc5 Nc6 27. Qe2 Qxc3
28. Qxe4 h6 29. Rd1 Qe5 30. Qf3 Qe8 31. Rd4 Ne5 32. Qh5 Nc6 33. Rd2 Rd8 34.
Rxd8 Nxd8 35. Qf3 f6 36. Kf1 Kf7 37. Qa8 Kg6 38. Qb8 Qd7 39. g4 1/2-1/2

[Event "2BLO 2122 SC Erlangen - SC Bavaria Rege"]
[Site "?"]
[Date "2022.05.14"]
[Round "5.4"]
[White "Schulz, Lukas"]
[Black "Pezelj, Novak"]
[Result "0-1"]
[WhiteElo "2286"]
[BlackElo "2465"]
[PlyCount "48"]
[EventDate "2022.??.??"]

1. e4 d6 2. d4 g6 3. h4 Nf6 4. Nc3 Bg7 5. h5 Nxh5 6. g4 Nf6 7. g5 Nfd7 8. Be3
c5 9. Nge2 Nc6 10. d5 Nde5 11. f4 Ng4 12. Bg1 Na5 13. Ng3 h5 14. Qf3 Rb8 15.
O-O-O b5 16. Bxb5+ Rxb5 17. Nxb5 Qb6 18. Qd3 Bd7 19. Nc3 O-O 20. b3 Rc8 21.
Nce2 Qb4 22. c4 Ba4 23. Kc2 Nxc4 24. Rc1 Bxb3+ 0-1

[Event "2BLO 2122 SC Erlangen - SC Bavaria Rege"]
[Site "?"]
[Date "2022.05.14"]
[Round "5.5"]
[White "Goldbeck, Lars"]
[Black "Ott, Florian"]
[Result "0-1"]
[WhiteElo "2213"]
[BlackElo "2271"]
[PlyCount "98"]
[EventDate "2022.??.??"]

1. d4 Nf6 2. c4 g6 3. Nc3 Bg7 4. e4 d6 5. Nf3 O-O 6. Be2 e5 7. d5 a5 8. Bg5 h6
9. Be3 Ng4 10. Bd2 Na6 11. h3 Nf6 12. g4 Nc5 13. Qc2 c6 14. Be3 cxd5 15. cxd5
Ne8 16. O-O-O Bd7 17. Bxc5 dxc5 18. d6 Qf6 19. h4 Bc6 20. g5 hxg5 21. hxg5 Qe6
22. d7 Nc7 23. Bf1 Qg4 24. Rh4 Qe6 25. Bh3 Qe7 26. Kb1 Rad8 27. Nd5 Nxd5 28.
exd5 Bxd7 29. d6 Qe8 30. Bxd7 Qxd7 31. Ka1 Qc6 32. Nd2 Qxd6 33. Rhh1 Qd3 34.
Qxc5 Rd5 35. Qc1 Rfd8 36. Rhe1 Qf5 37. Nc4 Qxf2 38. Rxd5 Rxd5 39. Rf1 Qd4 40.
Na3 e4 41. Nc2 Qd2 42. Qxd2 Rxd2 43. Kb1 Rg2 44. Re1 Rxg5 45. Rxe4 Rg1+ 46. Ne1
f5 47. Re2 g5 48. Kc2 f4 49. Kd3 g4 0-1

[Event "2BLO 2122 SC Erlangen - SC Bavaria Rege"]
[Site "?"]
[Date "2022.05.14"]
[Round "5.6"]
[White "Liepold, Stefan"]
[Black "Ganaus, Hannes"]
[Result "0-1"]
[WhiteElo "2176"]
[BlackElo "2258"]
[PlyCount "54"]
[EventDate "2022.??.??"]

1. e4 c6 2. d4 d5 3. e5 Bf5 4. h4 Qc8 5. c4 Na6 6. Be3 Nb4 7. Na3 dxc4 8. Bxc4
e6 9. Nh3 Ne7 10. g4 Be4 11. f3 Bd5 12. Bd2 a5 13. O-O Qd7 14. Be2 h5 15. g5
Nf5 16. Bf4 Be7 17. Nf2 Bxa2 18. Bc4 Bxc4 19. Nxc4 Qxd4 20. Qxd4 Nxd4 21. Kg2
Nd5 22. Nh3 a4 23. Rad1 b5 24. Nd6+ Bxd6 25. exd6 Nc2 26. Rc1 Nxf4+ 27. Nxf4
Ne3+ 0-1

[Event "2BLO 2122 SC Erlangen - SC Bavaria Rege"]
[Site "?"]
[Date "2022.05.14"]
[Round "5.7"]
[White "Oberhofer, Cedric"]
[Black "Boehme, Sebastian"]
[Result "1/2-1/2"]
[WhiteElo "2286"]
[BlackElo "2126"]
[PlyCount "76"]
[EventDate "2022.??.??"]

1. e4 c6 2. d4 d5 3. e5 c5 4. dxc5 e6 5. Nf3 Bxc5 6. Bd3 Ne7 7. O-O Nbc6 8. a3
Ng6 9. b4 Be7 10. Re1 O-O 11. Bb2 f6 12. Bxg6 hxg6 13. Qd3 f5 14. c4 dxc4 15.
Qxc4 Qd5 16. Qxd5 exd5 17. Nc3 Be6 18. Nb5 Rac8 19. Rad1 Rfd8 20. Bc1 a5 21.
Bg5 Kf8 22. Nd6 Rb8 23. b5 Na7 24. Nd4 Bd7 25. Bxe7+ Kxe7 26. Rd3 Nc8 27. Rg3
Nxd6 28. exd6+ Kxd6 29. Rxg6+ Kc5 30. Rd1 Bxb5 31. Ne6+ Kc4 32. Rd4+ Kc3 33.
Rd1 Bc6 34. Rg3+ Kc2 35. Rgd3 b5 36. R1d2+ Kc1 37. Rd1+ Kc2 38. R1d2+ Kc1
1/2-1/2

[Event "2BLO 2122 SC Erlangen - SC Bavaria Rege"]
[Site "?"]
[Date "2022.05.14"]
[Round "5.8"]
[White "Luessmann, Thomas"]
[Black "Bauer, Thomas"]
[Result "1-0"]
[WhiteElo "2060"]
[BlackElo "2216"]
[PlyCount "111"]
[EventDate "2022.??.??"]

1. d4 Nf6 2. Nf3 e6 3. Bf4 c5 4. e3 cxd4 5. exd4 b6 6. Nbd2 Be7 7. Bd3 Bb7 8.
O-O Na6 9. c3 Nc7 10. h3 Ncd5 11. Bh2 Nh5 12. Ne5 g6 13. Qf3 O-O 14. c4 d6 15.
Ng4 Nb4 16. Qxb7 Nxd3 17. Qf3 Nb4 18. d5 e5 19. Qc3 Na6 20. f4 f5 21. Nh6+ Kg7
22. g4 Kxh6 23. fxe5 dxe5 24. Bxe5 Bb4 25. Qc2 Qg5 26. Nf3 Qe3+ 27. Kg2 Nf4+
28. Kh1 Rae8 29. g5+ Kh5 30. Qh2 Ne2 31. a3 Rxe5 32. axb4 f4 33. Qf2 Ng3+ 34.
Kg2 Qxf2+ 35. Rxf2 Re7 36. Rxa6 Rc8 37. b3 Nf5 38. Rfa2 Ra8 39. c5 bxc5 40. d6
Rb7 41. bxc5 h6 42. c6 Rxb3 43. d7 Ne3+ 44. Kf2 Nd1+ 45. Ke1 Nb2 46. Rxb2 Rxb2
47. c7 Rb1+ 48. Kd2 Rb2+ 49. Kc3 Rbb8 50. Rxa7 Rc8 51. Kd4 Rd8 52. cxd8=Q Rxd8
53. gxh6 g5 54. h7 g4 55. hxg4+ Kxg4 56. Ne5+ 1-0

[Event "2BLO 2122 SV Deggendorf - SK Passau"]
[Site "?"]
[Date "2022.05.14"]
[Round "5.1"]
[White "Diermair, Andreas"]
[Black "Sedlak, Nikola"]
[Result "1/2-1/2"]
[WhiteElo "2461"]
[BlackElo "2476"]
[PlyCount "59"]
[EventDate "2022.??.??"]

1. Nf3 Nf6 2. c4 g6 3. Nc3 Bg7 4. d4 d5 5. Qb3 dxc4 6. Qxc4 O-O 7. e4 c6 8. Be2
e5 9. dxe5 Ng4 10. Bf4 Qb6 11. O-O Be6 12. Qd3 Nd7 13. Qc2 Ndxe5 14. Ng5 Bc8
15. h3 h6 16. Nf3 Nxf3+ 17. Bxf3 Ne5 18. Be2 Be6 19. Na4 Qc7 20. Bg3 g5 21. Nc5
Qe7 22. Rad1 Rad8 23. Nxe6 Qxe6 24. b3 Qe7 25. Bh5 Rxd1 26. Rxd1 Rd8 27. Rd2
Rd7 28. Qd1 Qd8 29. Rxd7 Qxd7 30. Bxe5 1/2-1/2

[Event "2BLO 2122 SV Deggendorf - SK Passau"]
[Site "?"]
[Date "2022.05.14"]
[Round "5.2"]
[White "Delchev, Aleksander"]
[Black "Schwabeneder, Florian"]
[Result "1/2-1/2"]
[WhiteElo "2492"]
[BlackElo "2441"]
[PlyCount "61"]
[EventDate "2022.??.??"]

1. d4 Nf6 2. c4 g6 3. Nc3 Bg7 4. e4 d6 5. Be2 O-O 6. Nf3 Na6 7. Bf4 e5 8. dxe5
dxe5 9. Bxe5 Bg4 10. Nd2 Bxe2 11. Qxe2 Re8 12. Bxf6 Bxf6 13. O-O c6 14. Rac1
Qb6 15. Nf3 Nc5 16. e5 Re6 17. Qe3 Ree8 18. a3 Bg7 19. b4 Nd7 20. c5 Qc7 21.
Ne4 Nxe5 22. Nd6 Nxf3+ 23. Qxf3 Re6 24. g3 Bf8 25. Nc4 b6 26. cxb6 axb6 27.
Rfe1 Rae8 28. Rxe6 Rxe6 29. Ne3 Bh6 30. Rc3 b5 31. Kg2 1/2-1/2

[Event "2BLO 2122 SV Deggendorf - SK Passau"]
[Site "?"]
[Date "2022.05.14"]
[Round "5.3"]
[White "Leisch, Lukas"]
[Black "Stojanovic, Dalibor"]
[Result "1/2-1/2"]
[WhiteElo "2410"]
[BlackElo "2479"]
[PlyCount "38"]
[EventDate "2022.??.??"]

1. d4 Nf6 2. c4 g6 3. g3 Bg7 4. Bg2 O-O 5. Nc3 d6 6. Nf3 c6 7. e4 Bg4 8. h3
Bxf3 9. Bxf3 Nfd7 10. Be3 c5 11. d5 Na6 12. Be2 Nc7 13. h4 a6 14. a4 e6 15. Kf1
exd5 16. exd5 Re8 17. Qc2 f5 18. h5 Ne5 19. Kg2 Qf6 1/2-1/2

[Event "2BLO 2122 SV Deggendorf - SK Passau"]
[Site "?"]
[Date "2022.05.14"]
[Round "5.4"]
[White "Bogosavljevic, Boban"]
[Black "Weiss, Christian"]
[Result "1/2-1/2"]
[WhiteElo "2527"]
[BlackElo "2376"]
[PlyCount "125"]
[EventDate "2022.??.??"]

1. Nf3 Nf6 2. g3 b5 3. Bg2 Bb7 4. O-O e6 5. d3 c5 6. e4 d6 7. a4 b4 8. Nbd2 Nc6
9. Nc4 Be7 10. Re1 O-O 11. a5 Rc8 12. Bg5 Qc7 13. Bf4 Nd7 14. a6 Ba8 15. e5
dxe5 16. Nfxe5 Ndxe5 17. Nxe5 Bd6 18. Nxc6 Bxc6 19. Bxc6 Qxc6 20. Re4 Rfd8 21.
Be3 Bf8 22. Rc4 Qb5 23. b3 Rc6 24. Ra4 Rxa6 25. Rxa6 Qxa6 26. Bxc5 Bxc5 27.
Rxc5 Qb6 28. Qh5 h6 29. Qe5 g6 30. h4 Qb8 31. Qxb8 Rxb8 32. Kf1 Kf8 33. Rc7 g5
34. hxg5 hxg5 35. Ke2 Rb5 36. Ke3 Re5+ 37. Kf3 Rf5+ 38. Kg2 Kg7 39. g4 Re5 40.
Kf3 Kg6 41. Rc6 a5 42. d4 Re1 43. Rc5 Ra1 44. Ke2 Kf6 45. d5 a4 46. bxa4 Rxa4
47. d6 Ra6 48. Rc4 Rxd6 49. Rxb4 Ke5 50. Ke3 f5 51. Rb5+ Kf6 52. gxf5 exf5 53.
c4 Rd1 54. c5 Rd5 55. Rb6+ Ke5 56. c6 Rc5 57. f4+ gxf4+ 58. Kf3 Rc3+ 59. Kf2
Kf6 60. c7+ Kg5 61. Rb7 Kg4 62. c8=Q Rxc8 63. Rg7+ 1/2-1/2

[Event "2BLO 2122 SV Deggendorf - SK Passau"]
[Site "?"]
[Date "2022.05.14"]
[Round "5.5"]
[White "Wisnet, Dominic"]
[Black "Popovic, Dusan"]
[Result "0-1"]
[WhiteElo "2336"]
[BlackElo "2480"]
[PlyCount "164"]
[EventDate "2022.??.??"]

1. Nf3 Nf6 2. c4 g6 3. g3 Bg7 4. Bg2 O-O 5. O-O d6 6. Nc3 e5 7. d3 Nc6 8. Rb1
a5 9. a3 Nd4 10. b4 axb4 11. axb4 c6 12. b5 Bg4 13. bxc6 bxc6 14. h3 Nxf3+ 15.
exf3 Bf5 16. g4 Be6 17. f4 Ra6 18. Ne2 h5 19. g5 Nd7 20. Re1 h4 21. Be3 Bf5 22.
Kh1 Nc5 23. Bxc5 dxc5 24. fxe5 Bxe5 25. f4 Bc7 26. Rb3 Re8 27. Qd2 Qd7 28. Ng1
Rxe1 29. Qxe1 Bxf4 30. Qxh4 Qd6 31. Qe1 Ra8 32. h4 Bg3 33. Qe3 Bxh4 34. Bh3
Bxh3 35. Nxh3 Ra1+ 36. Ng1 Bg3 37. Rb2 Be5 38. Re2 Bd4 39. Qe8+ Qf8 40. Qxc6
Qg7 41. Qc8+ Qf8 42. Re8 Rxg1+ 43. Kh2 Qxe8 44. Qxe8+ Kg7 45. Qd8 Rd1 46. Kg2
Rxd3 47. Qd7 Re3 48. Qd6 Rc3 49. Qd5 Rc1 50. Kf3 Rf1+ 51. Ke4 Rf5 52. Qd8 Be5
53. Qd2 Bf4 54. Qb2+ Kg8 55. Qb7 Bxg5 56. Qc6 Rf4+ 57. Kd5 Be7 58. Qc7 Rd4+ 59.
Kc6 Rd6+ 60. Kb5 Re6 61. Qf4 Kg7 62. Ka4 Bf6 63. Kb5 Bd4 64. Qg5 Be3 65. Qd5
Bd4 66. Qg5 f5 67. Qf4 Re4 68. Qg5 Rg4 69. Qe7+ Kh6 70. Kc6 Re4 71. Qf8+ Kh5
72. Qf7 Kg5 73. Qd5 Kg4 74. Qf7 g5 75. Qg6 Re5 76. Kd6 f4 77. Qh7 f3 78. Qh2
Re2 79. Qh1 Kg3 80. Qf1 g4 81. Kd5 Re5+ 82. Kd6 f2 0-1

[Event "2BLO 2122 SV Deggendorf - SK Passau"]
[Site "?"]
[Date "2022.05.14"]
[Round "5.6"]
[White "Dudin, Gleb"]
[Black "Testor, Sebastian"]
[Result "1-0"]
[WhiteElo "2473"]
[BlackElo "2351"]
[PlyCount "81"]
[EventDate "2022.??.??"]

1. c4 e6 2. Nc3 d5 3. d4 Nf6 4. cxd5 exd5 5. Bg5 Be7 6. e3 O-O 7. Bd3 Nbd7 8.
Qc2 c6 9. Nf3 Re8 10. Bf4 Nf8 11. h3 Bd6 12. g3 Qe7 13. Bxd6 Qxd6 14. O-O-O b5
15. Kb1 Bb7 16. g4 a6 17. g5 N6d7 18. h4 c5 19. dxc5 Nxc5 20. Nd4 Rac8 21. Bf5
Nce6 22. Qd2 Rc4 23. Nce2 Nxd4 24. Nxd4 Ne6 25. Rhe1 g6 26. Bd3 Nxd4 27. exd4
Rcc8 28. f4 Rcd8 29. Re5 Rxe5 30. fxe5 Qe6 31. Qg2 Bc8 32. Rf1 Qb6 33. Qf2 Be6
34. h5 Rb8 35. hxg6 hxg6 36. Qh4 Bf5 37. Bxf5 gxf5 38. Qf4 Rb7 39. Rh1 Rc7 40.
Qh4 Kf8 41. g6 1-0

[Event "2BLO 2122 SV Deggendorf - SK Passau"]
[Site "?"]
[Date "2022.05.14"]
[Round "5.7"]
[White "Hellmayr, Alois"]
[Black "Krstic, Petar"]
[Result "1/2-1/2"]
[WhiteElo "2213"]
[BlackElo "2296"]
[PlyCount "49"]
[EventDate "2022.??.??"]

1. Nf3 d5 2. g3 Nc6 3. d4 Bf5 4. Bg2 Nb4 5. Na3 e6 6. c3 Nc6 7. Nc2 h6 8. O-O
Nf6 9. b4 a6 10. a4 Be7 11. Bb2 O-O 12. Nce1 Ne4 13. Nd3 Nd6 14. Nd2 a5 15. b5
Nb8 16. Qb3 Nd7 17. c4 c6 18. c5 Ne4 19. Rfd1 Qc7 20. b6 Qb8 21. Rac1 Rd8 22.
f3 Nxd2 23. Rxd2 Bg5 24. f4 Be7 25. Nf2 1/2-1/2

[Event "2BLO 2122 SV Deggendorf - SK Passau"]
[Site "?"]
[Date "2022.05.14"]
[Round "5.8"]
[White "Kuznecovs, Nikita"]
[Black "Linhart, Wolfgang"]
[Result "1-0"]
[WhiteElo "2279"]
[BlackElo "2145"]
[PlyCount "91"]
[EventDate "2022.??.??"]

1. d4 Nf6 2. Bg5 g6 3. Bxf6 exf6 4. e3 Bg7 5. g3 O-O 6. Bg2 f5 7. Ne2 d6 8. c4
Nd7 9. Nbc3 Nf6 10. O-O Re8 11. Qc2 c6 12. b4 Be6 13. Qd3 a6 14. Nf4 Bd7 15. a4
Qc7 16. Ra3 Bf8 17. Rb3 Bh6 18. Nfe2 Bg7 19. Rfb1 Rad8 20. b5 axb5 21. axb5 c5
22. Nf4 cxd4 23. exd4 Be6 24. Nxe6 fxe6 25. b6 Qe7 26. Ra3 e5 27. Nd5 Nxd5 28.
Bxd5+ Kh8 29. Ra7 Rd7 30. Qf3 e4 31. Qe3 Bf6 32. Rd1 Bg5 33. Qe2 f4 34. gxf4
Bxf4 35. Qg4 Rf8 36. Re1 h5 37. Qh3 Rf5 38. Rxe4 Qg5+ 39. Kf1 Rg7 40. Re8+ Kh7
41. Raa8 Kh6 42. Rh8+ Rh7 43. Rxh7+ Kxh7 44. Be4 Rf7 45. Qe6 Kg7 46. Bxg6 1-0

[Event "2BLO 2122 FC Bayern München II - Erfur"]
[Site "?"]
[Date "2022.05.15"]
[Round "6.1"]
[White "Romanov, Evgeny"]
[Black "Belezky, Alexander"]
[Result "1/2-1/2"]
[WhiteElo "2573"]
[BlackElo "2355"]
[PlyCount "176"]
[EventDate "2022.??.??"]

1. d4 e6 2. g3 Nf6 3. Bg2 c5 4. Nf3 Nc6 5. c4 d6 6. d5 exd5 7. cxd5 Nb4 8. Nc3
Be7 9. O-O O-O 10. h3 Re8 11. a3 Na6 12. e4 Bf8 13. Re1 Nd7 14. Bf4 h6 15. Nb5
Qb6 16. Qa4 Nc7 17. Nxc7 Qxc7 18. b4 Qd8 19. Rac1 a5 20. bxc5 Nxc5 21. Qc2 Bd7
22. e5 Ba4 23. Qf5 Qd7 24. Qh5 Nd3 25. e6 fxe6 26. dxe6 Rxe6 27. Rxe6 Nxf4 28.
gxf4 Qxe6 29. Nd4 Qf6 30. Bxb7 Re8 31. Bd5+ Kh8 32. Qf7 Qxf7 33. Bxf7 Rb8 34.
Bd5 Be7 35. f5 Bf6 36. Ne6 Bb2 37. Rc7 Be8 38. Ra7 a4 39. Nf8 Bh5 40. Ng6+ Bxg6
41. fxg6 Bxa3 42. Rxa4 Bb2 43. Kg2 Be5 44. f4 Bc3 45. Kf3 Rd8 46. Ra7 Bd2 47.
Rf7 Re8 48. Kg4 Bc3 49. Kh5 Bd2 50. f5 Bc3 51. Bc6 Rc8 52. h4 Rd8 53. Bd5 Re8
54. Be6 Bb2 55. Kg4 Bc3 56. h5 d5 57. Bxd5 Bf6 58. Be6 Rd8 59. Kf4 Rd4+ 60. Ke3
Rd8 61. Bd7 Kg8 62. Be6 Kh8 63. Rb7 Bg5+ 64. Ke4 Bf6 65. Bd7 Kg8 66. Kd5 Kf8
67. Kd6 Kg8 68. Kc7 Kh8 69. Rb6 Rf8 70. Re6 Bd8+ 71. Kb7 Bg5 72. Ra6 Bf6 73.
Be6 Bg5 74. Kc7 Bf4+ 75. Kd7 Bg5 76. Bf7 Rd8+ 77. Kc7 Rf8 78. Ra4 Bf6 79. Re4
Bg5 80. Be8 Kg8 81. Re6 Rxf5 82. Bf7+ Rxf7+ 83. gxf7+ Kxf7 84. Rg6 Bf6 85. Kd6
Be7+ 86. Ke5 Bf6+ 87. Kf5 Kg8 88. Rg2 Kh7 {(=)} 1/2-1/2

[Event "2BLO 2122 FC Bayern München II - Erfur"]
[Site "?"]
[Date "2022.05.15"]
[Round "6.2"]
[White "Singer, Christoph"]
[Black "Votava, Jan"]
[Result "1/2-1/2"]
[WhiteElo "2342"]
[BlackElo "2484"]
[PlyCount "42"]
[EventDate "2022.??.??"]

1. e4 c5 2. Nf3 e6 3. c3 d5 4. exd5 Qxd5 5. d4 Nf6 6. Na3 Qd8 7. Nc2 Nbd7 8.
Be2 Be7 9. dxc5 Bxc5 10. O-O O-O 11. a3 b6 12. b4 Be7 13. c4 Bb7 14. Bb2 Qc7
15. Ne3 Rfd8 16. Qb3 Ne4 17. Rfd1 Bf6 18. Bxf6 Ndxf6 19. Rac1 h6 20. Qb2 Rxd1+
21. Rxd1 Rd8 1/2-1/2

[Event "2BLO 2122 FC Bayern München II - Erfur"]
[Site "?"]
[Date "2022.05.15"]
[Round "6.3"]
[White "Haba, Petr"]
[Black "Unzicker, Ferdinand"]
[Result "1-0"]
[WhiteElo "2446"]
[BlackElo "2329"]
[PlyCount "59"]
[EventDate "2022.??.??"]

1. e4 c5 2. Nf3 d6 3. d4 cxd4 4. Nxd4 Nf6 5. Nc3 Nc6 6. Bg5 e6 7. Qd2 a6 8.
Nxc6 bxc6 9. O-O-O Be7 10. Bxf6 gxf6 11. Bc4 Qb6 12. Rhe1 Bd7 13. f4 h5 14. Re3
Rd8 15. Qe2 Bc8 16. Bb3 Bf8 17. Rh3 h4 18. Kb1 a5 19. Qe1 Rg8 20. Qe2 Rh8 21.
a3 e5 22. f5 Ba6 23. Qe1 Rb8 24. Na4 Qc7 25. Rxh4 Rh6 26. Rxh6 Bxh6 27. Qh4 Bg5
28. Qh7 Kf8 29. h4 Be3 30. Rxd6 1-0

[Event "2BLO 2122 FC Bayern München II - Erfur"]
[Site "?"]
[Date "2022.05.15"]
[Round "6.4"]
[White "Hoeglauer, Patrick"]
[Black "Enders, Peter"]
[Result "0-1"]
[WhiteElo "2268"]
[BlackElo "2419"]
[PlyCount "80"]
[EventDate "2022.??.??"]

1. e4 c5 2. Nc3 e6 3. Nf3 d6 4. d4 cxd4 5. Nxd4 Nf6 6. g4 a6 7. Bg2 Qc7 8. f4
Nc6 9. g5 Nd7 10. Be3 b5 11. Qh5 Nxd4 12. Bxd4 b4 13. e5 bxc3 14. Bxa8 cxb2 15.
Rb1 d5 16. Rxb2 Bc5 17. Bc3 O-O 18. Rb3 Be7 19. Bd4 Qxc2 20. O-O Bc5 21. Bxc5
Nxc5 22. Rh3 Qf5 23. Bc6 a5 24. Bb5 Bb7 25. Rc1 Rc8 26. Qf3 g6 27. Qa3 d4 28.
Bf1 Ne4 29. Rxc8+ Bxc8 30. Qxa5 Kg7 31. Rh4 Nxg5 32. Qa3 Qe4 33. Rg4 Nf3+ 34.
Kf2 Qe1+ 35. Kg2 Bb7 36. Qb2 Nxe5+ 37. Qxb7 Nxg4 38. Qf3 Ne3+ 39. Kg1 d3 40.
Qf2 d2 0-1

[Event "2BLO 2122 FC Bayern München II - Erfur"]
[Site "?"]
[Date "2022.05.15"]
[Round "6.5"]
[White "Weishaeutel, Moritz"]
[Black "Schenk, Andreas"]
[Result "1/2-1/2"]
[WhiteElo "2406"]
[BlackElo "2418"]
[PlyCount "51"]
[EventDate "2022.??.??"]

1. d4 Nf6 2. Bg5 d5 3. e3 e6 4. Bd3 c5 5. c3 h6 6. Bh4 Nbd7 7. f4 Be7 8. Nd2 b6
9. Bxf6 Nxf6 10. Ngf3 Qc7 11. Ne5 a6 12. Qf3 Bd6 13. g4 Bb7 14. h4 O-O-O 15.
O-O-O Rdf8 16. Qg2 Nd7 17. Ndf3 b5 18. Kb1 Kb8 19. g5 Nb6 20. g6 f5 21. dxc5
Bxc5 22. Nd4 Re8 23. Qc2 Rhg8 24. Rc1 Bd6 25. Nf7 Bc5 26. Ne5 1/2-1/2

[Event "2BLO 2122 FC Bayern München II - Erfur"]
[Site "?"]
[Date "2022.05.15"]
[Round "6.6"]
[White "Gretz, Denis"]
[Black "Voekler, Bernd"]
[Result "1/2-1/2"]
[WhiteElo "2304"]
[BlackElo "2342"]
[PlyCount "33"]
[EventDate "2022.??.??"]

1. e4 c5 2. Nf3 d6 3. Bb5+ Bd7 4. Bxd7+ Qxd7 5. c4 Nf6 6. Nc3 g6 7. d4 cxd4 8.
Nxd4 Bg7 9. O-O O-O 10. f3 Rc8 11. b3 d5 12. exd5 Nxd5 13. Nxd5 e6 14. Bh6 exd5
15. Bxg7 Kxg7 16. cxd5 Qxd5 17. Ne2 {(=)} 1/2-1/2

[Event "2BLO 2122 FC Bayern München II - Erfur"]
[Site "?"]
[Date "2022.05.15"]
[Round "6.7"]
[White "Scheftlein, Richard"]
[Black "Lentrodt, Thomas"]
[Result "1-0"]
[WhiteElo "2243"]
[BlackElo "2247"]
[PlyCount "103"]
[EventDate "2022.??.??"]

1. d4 d5 2. c4 e6 3. Nc3 Nf6 4. cxd5 exd5 5. Bg5 c6 6. e3 h6 7. Bh4 Be7 8. Bd3
O-O 9. Qc2 Re8 10. Nge2 Nbd7 11. O-O Ne4 12. Bxe7 Qxe7 13. Bxe4 dxe4 14. d5 Nf6
15. Rfd1 cxd5 16. Nxd5 Nxd5 17. Rxd5 Bd7 18. Qc7 Bc6 19. Qxe7 Rxe7 20. Rc5 Rd8
21. Nd4 Rd5 22. Rac1 Red7 23. Kf1 Rxc5 24. Rxc5 Bd5 25. b3 g6 26. g4 Kg7 27.
Kg2 Kf6 28. Kg3 a6 29. a4 b6 30. Rc8 a5 31. h4 Ke5 32. Re8+ Kf6 33. Kf4 g5+ 34.
Kg3 Rc7 35. Rb8 Rb7 36. Rd8 Be6 37. Nxe6 fxe6 38. h5 Rc7 39. Rd6 Rb7 40. Rc6
Rb8 41. Kg2 Ke5 42. Rc7 Kd6 43. Rh7 Kc5 44. Rxh6 Kb4 45. Rxe6 Kxb3 46. Rxe4 b5
47. axb5 a4 48. Re7 a3 49. Ra7 Rxb5 50. e4 Rb4 51. Rxa3+ Kxa3 52. Kf3 1-0

[Event "2BLO 2122 FC Bayern München II - Erfur"]
[Site "?"]
[Date "2022.05.15"]
[Round "6.8"]
[White "Mai, Philipp"]
[Black "Casper, Thomas"]
[Result "1-0"]
[WhiteElo "2291"]
[BlackElo "2346"]
[PlyCount "81"]
[EventDate "2022.??.??"]

1. e4 e6 2. d4 d5 3. Nc3 Bb4 4. e5 Ne7 5. a3 Bxc3+ 6. bxc3 c5 7. Qg4 O-O 8. Bd3
f5 9. exf6 Rxf6 10. Bg5 Rf7 11. Qh5 g6 12. Qd1 Nbc6 13. Nf3 Qf8 14. h4 c4 15.
Be2 h6 16. Bc1 Bd7 17. Qd2 Kh7 18. a4 Rd8 19. Ba3 Qg7 20. Bd6 Be8 21. Bc7 Rc8
22. Bh2 Qf8 23. O-O Nf5 24. g4 Nd6 25. Qe3 Qe7 26. Kg2 Bd7 27. Ne5 Nxe5 28.
Bxe5 Rc6 29. Rh1 Rb6 30. f4 Ne4 31. Bf3 Bc6 32. h5 g5 33. Raf1 gxf4 34. Bxe4+
dxe4 35. Bxf4 Rb2 36. Rf2 Qd7 37. Kg3 Qd5 38. Rhf1 a5 39. Be5 Rf3+ 40. Rxf3
exf3 41. Qf4 1-0

[Event "2BLO 2122 Nickelhütte Aue - SG 1871 Lo"]
[Site "?"]
[Date "2022.05.15"]
[Round "6.1"]
[White "Pallas, Sebastian"]
[Black "Slobodjan, Roman"]
[Result "0-1"]
[WhiteElo "2248"]
[BlackElo "2446"]
[PlyCount "62"]
[EventDate "2022.??.??"]

1. e4 e5 2. Nf3 Nc6 3. d4 exd4 4. Nxd4 Bc5 5. Nb3 Bb4+ 6. Bd2 a5 7. a4 Nf6 8.
Bd3 d5 9. exd5 Qe7+ 10. Be2 Nxd5 11. Bxb4 Ncxb4 12. O-O O-O 13. Na3 Nf4 14. Bf3
Ra6 15. Qd4 Qg5 16. Qc5 Qh4 17. Rfe1 Rh6 18. h3 Nxh3+ 19. gxh3 Qxh3 20. Be4 f5
21. Bg2 Rg6 22. Qc4+ Kh8 23. Qf1 Nd5 24. Nc4 Nf4 25. Ne3 Qh4 26. Nd2 Nh3+ 27.
Kh2 Ng5+ 28. Kg1 f4 29. f3 fxe3 30. Rxe3 Nh3+ 31. Kh1 Nf4+ 0-1

[Event "2BLO 2122 Nickelhütte Aue - SG 1871 Lo"]
[Site "?"]
[Date "2022.05.15"]
[Round "6.2"]
[White "Langrock, Hannes"]
[Black "Niegsch, Nicolas"]
[Result "1-0"]
[WhiteElo "2351"]
[BlackElo "2302"]
[PlyCount "98"]
[EventDate "2022.??.??"]

1. d4 d5 2. Nf3 c5 3. c4 e6 4. g3 Nc6 5. cxd5 exd5 6. Bg2 Nf6 7. O-O Be7 8.
dxc5 Bxc5 9. a3 Ne4 10. Nfd2 f5 11. Nc3 Be6 12. Nb3 Be7 13. Be3 O-O 14. Nd4
Nxd4 15. Bxd4 h5 16. Qd3 a6 17. Rfd1 Rc8 18. Rac1 h4 19. Be3 Bf6 20. Nxd5 Qxd5
21. Qxd5 Bxd5 22. Rxc8 Rxc8 23. Rxd5 hxg3 24. hxg3 g6 25. g4 Bxb2 26. gxf5 Nf6
27. Rd3 gxf5 28. Bxb7 Rc4 29. Bxa6 Rg4+ 30. Kf1 Ra4 31. Bc8 f4 32. Be6+ Kg7 33.
Bc5 Ne4 34. Bb4 Kf6 35. Bd7 Ra6 36. a4 Ke5 37. Rh3 Rb6 38. Bb5 Rg6 39. Rh5+ Kd4
40. Bd3 Rb6 41. Be1 Rc6 42. Rf5 Bc1 43. Bb5 Rh6 44. Bb4 Nd2+ 45. Bxd2 Bxd2 46.
Kg2 Rg6+ 47. Kf3 Rh6 48. Bd3 Rh3+ 49. Kg2 Rh6 1-0

[Event "2BLO 2122 Nickelhütte Aue - SG 1871 Lo"]
[Site "?"]
[Date "2022.05.15"]
[Round "6.3"]
[White "Schuetze, Norman"]
[Black "Spiess, Gunter"]
[Result "1-0"]
[WhiteElo "2294"]
[BlackElo "2388"]
[PlyCount "71"]
[EventDate "2022.??.??"]

1. e4 e6 2. d4 d5 3. Nc3 Nf6 4. e5 Nfd7 5. f4 c5 6. Nf3 Nc6 7. Be3 a6 8. Qd2 b5
9. a3 Qa5 10. dxc5 Bxc5 11. Bxc5 Nxc5 12. Bd3 b4 13. Ne2 Qb6 14. a4 a5 15. Bb5
Ba6 16. Ned4 Bxb5 17. axb5 Na7 18. f5 Ne4 19. Qe2 Rb8 20. Rf1 O-O 21. f6 Nxb5
22. Nxb5 Qxb5 23. Qe3 Rfc8 24. Nd4 Qc5 25. Rf4 gxf6 26. exf6 Kf8 27. Rh4 Ke8
28. Rxh7 Nxf6 29. Rg7 Ne4 30. Qf4 Nd6 31. Rxa5 Qc7 32. Ra6 Rb6 33. Nb5 Rxb5 34.
Rxd6 Rb6 35. Rg8+ Ke7 36. Rxc8 1-0

[Event "2BLO 2122 Nickelhütte Aue - SG 1871 Lo"]
[Site "?"]
[Date "2022.05.15"]
[Round "6.4"]
[White "Wichmann, Cliff"]
[Black "Post, Hugo"]
[Result "1-0"]
[WhiteElo "2299"]
[BlackElo "2184"]
[PlyCount "69"]
[EventDate "2022.??.??"]

1. d4 Nf6 2. Nf3 e6 3. c4 Bb4+ 4. Bd2 Be7 5. Nc3 d5 6. e3 O-O 7. Qc2 b6 8. cxd5
exd5 9. Be2 Bb7 10. O-O Nbd7 11. Rfd1 Re8 12. Ne5 Bf8 13. Bb5 Nxe5 14. Bxe8
Qxe8 15. dxe5 Qxe5 16. Nb5 c5 17. Bc3 Qg5 18. f4 Qh6 19. Qf5 Ne4 20. Nc7 d4 21.
Nxa8 dxc3 22. bxc3 Bxa8 23. Qc8 Qc6 24. Rd8 Qxc8 25. Rxc8 Bd5 26. Rd1 Nxc3 27.
Rd3 Be6 28. Rb8 Nd5 29. f5 c4 30. Rd4 c3 31. fxe6 fxe6 32. e4 Kf7 33. Rxf8+
Kxf8 34. exd5 exd5 35. Rxd5 1-0